Biggest sources of immigrants to Utah - Statistics

General Stats
  • This quiz has been taken 24 times
  • The average score is 9 of 10
Answer Stats
Hint Answer % Correct
8,010 Canada
100%
105,484 Mexico
100%
5,180 United Kingdom
100%
11,338 China
95%
8,883 Brazil
89%
6,888 India
84%
7,514 Philippines
84%
6,226 Colombia
79%
5,322 Korea
79%
8,518 Vietnam
74%
No matching quizzes found
Score Distribution
Percent of People with Each Score
Percentile by Number Answered
Your Score History
You have not taken this quiz